200 premiers mots de Harry Potter et le prisonnier d'Azkaban - Statistiques

Statistiques générales
  • Ce quiz a été pris 3 646 fois
  • Le résultat moyen est 105 sur 200
Statistiques - réponses
Mots % Correct
l'
94%
d'
93%
À
92%
à
92%
Harry
92%
s'
92%
c'
89%
le
89%
la
87%
« La
87%
de
86%
et
83%
il
82%
Il
82%
du
79%
les
77%
Les
77%
Potter
77%
un
77%
des
76%
était
72%
était...
72%
une
71%
en
69%
sa
69%
Sa
69%
ses
68%
ce
66%
par-
66%
par
66%
son
66%
sorcier.
66%
mais
65%
plus
65%
qu'
65%
au
63%
été,
58%
garçon
58%
que
58%
pour
54%
dans
53%
magie
53%
qui
52%
vacances
52%
vacances,
52%
année
51%
lit,
51%
nuit.
51%
sur
51%
yeux.
49%
dessus
47%
livre
47%
devoirs
44%
faire
44%
bien
43%
période
43%
beau
42%
milieu
42%
Tout
40%
autre
39%
main,
39%
main.
39%
égards,
38%
abord,
37%
détestait
36%
obligé
35%
secret,
34%
tête
34%
Histoire
33%
Enfin,
32%
lui
32%
tenait
32%
comme
31%
plume
31%
allongé
30%
lampe
30%
long
29%
agissait
28%
lunettes
28%
Bathilda
25%
oreiller.
25%
torche
24%
Tourdesac.
24%
ventre
24%
couvertures
23%
faut
23%
plat
23%
ouvert
22%
sorcières
22%
Ensuite,
21%
nez
21%
singuliers.
21%
absolument
20%
page
20%
siècle
20%
plein
19%
tente,
18%
arrêta
17%
début
17%
Minuit
16%
aigle
15%
dissertation
15%
paragraphe
15%
sujet
14%
approcha
13%
rondes,
13%
suivant :
13%
tirées
13%
cherchait
12%
crémation
12%
cuir
12%
également
12%
commentez
11%
lut
11%
relié
11%
remonta
11%
semblait
11%
XIVe
11%
approchait.
10%
convenir.
10%
fit
10%
idées
10%
inefficace :
10%
pointe
10%
déplaisante
9%
discutez. »
9%
signaler
9%
totalement
9%
courir
8%
froncés,
7%
sourcils
7%
Aucun quiz correspondant
Distribution des résultats
% des personnes avec chaque résultat
Percentile par nombre de réponses
Votre historique - résultats
Vous n’avez pas pris ce quiz